Normal view
MARC view
- Unesco
Entry Nombre Corporativo
001 - NÚMERO DE CONTROL
- campo de control: 24256
003 - IDENTIFICADOR DE NUMERO DE CONTROL
- campo de control: MX-MxUPN
005 - FECHA Y HORA DE LA ÜLTIMA TRANSACCIÓN
- campo de control: 20250319161446.0
008 - DATOS DE LONGITUD FIJA
- campo de control de longitud fija: 250319nn fnnnnaaba b ana |d
035 ## - NÚMERO DE CONTROL
- Número de control: UPN10000024265
040 ## - FUENTE DE CATALOGACIÓN
- Agencia original de catalogación: MX-MxUPN
- Lenguaje de catalogación: spa
110 2# - ENCABEZAMIENTO - NOMBRE CORPORATIVO
- Nombre corporativo o de jurisdicción como elemento de entrada : Unesco
- Subdivisión temática general: Apropiaciones y gastos
670 ## - FUENTE EN LA QUE SE LOCALIZARON DATOS
- Cita de la fuente : Autoridades LC, 19 marzo 2025 :
- Información localizada: (Unesco - Appropriations and expenditures)
- Uniform Resource Identifier: https://authorities.loc.gov
902 ## - CATALOGADOR
- Catalogador: PNO/251096
- Catalogador: VíctorGodínez/190325
